书目信息 |
| 题名: |
全国计算机等级考试
|
|
| 作者: | 谭浩强 主编 ;国家教委考试中心 组编 | |
| 分册: | PASCAL程序设计考试指导 | |
| 出版信息: | 北京 中国科学技术出版社 1995 |
|
| 页数: | 198页 | |
| 开本: | 26cm | |
| 丛书名: | ||
| 单 册: | ||
| 中图分类: | TP3 , TP312PA | |
| 科图分类: | ||
| 主题词: | PASCAL语言-程序设计--考试--自学参考资料 , 程序设计-PASCAL语言--考试--自学参考资料 , 软件 , 计算机科学--考试--自学参考资料 | |
| 电子资源: | ||
| ISBN: | 7-5046-1938-8 | |
| 000 | 01032nnam 2200277 45 | |
| 001 | 0196017987 | |
| 005 | 20070712154123.17 | |
| 010 | @a7-5046-1938-8@dCNY14.00 | |
| 100 | @a19950712d1995 em y0chiy0121 ea | |
| 101 | 0 | @achi |
| 102 | @aCN@b110000 | |
| 105 | @ay zq 000yy | |
| 200 | 10 | @a全国计算机等级考试@AQUAN GUO JI SUAN JI DENG JI KAO SHI@e二级@EER JI@iPASCAL程序设计考试指导@IPASCAL CHENG XU SHE JI KAO SHI ZHI DAO@f谭浩强主编@FTAN HAO QIANG ZHU BIAN@g国家教委考试中心组编 |
| 210 | @a北京@c中国科学技术出版社@d1995 | |
| 215 | @a198页@d26cm | |
| 517 | 1 | @aPASCAL程序设计考试指导@APASCAL CHENG XU SHE JI KAO SHI ZHI DAO |
| 606 | @aPASCAL语言-程序设计@x考试@x自学参考资料 | |
| 606 | @a程序设计-PASCAL语言@x考试@x自学参考资料 | |
| 606 | 0 | @a软件 |
| 606 | @a计算机科学@x考试@x自学参考资料 | |
| 690 | @aTP3@v3 | |
| 690 | @aTP312PA@v3 | |
| 701 | 0 | @a谭浩强@ATAN HAO QIANG@4主编 |
| 712 | 02 | @a国家教委考试中心@AGUO JIA JIAO WEI KAO SHI ZHONG XIN@4组编 |
| 801 | 0 | @aCN@bNLC@c20070712 |
| 905 | @f1@b268532@dTP312PA@e52 | |
| 全国计算机等级考试:二级.PASCAL程序设计考试指导/谭浩强主编/国家教委考试中心组编.-北京:中国科学技术出版社,1995 |
| 198页;26cm |
| ISBN 7-5046-1938-8:CNY14.00 |
| ● |
| 相关链接 |
|
|
|
|
正题名:全国计算机等级考试
索取号:TP312PA/52
 
预约/预借
| 序号 | 登录号 | 条形码 | 馆藏地/架位号 | 状态 | 备注 |
| 1 | 0268522 | 202123353 | 第二样本阅览室/ [索取号:TP312PA/52] | 在馆 | |
| 2 | 0268523 | 001678018 | 密集书库/ [索取号:TP312PA/52] | 在馆 | |
| 3 | 0765114 | 207651147 | 密集书库/ [索取号:TP312PA/52] | 在馆 |